| 000 | 00901nam a22002657a 4500 | ||
|---|---|---|---|
| 001 | 660 | ||
| 005 | 20250403093824.0 | ||
| 020 | _a071667288X | ||
| 040 |
_aDLC _cDLC _dDLC _beng |
||
| 050 | 0 | 0 |
_aGB461 _b.C67 2000 |
| 082 | 0 | 0 |
_a577.7 _221 |
| 100 | _aChin, Jason | ||
| 245 | 0 | 0 | _aCoral reefs / |
| 246 | 1 | 4 | _aWorld Book encyclopedia presents, coral reefs |
| 260 |
_aNew York : _bScholastic ; _c2011. |
||
| 300 |
_a38 pages : _bcolor illustrations ; _c28 cm. + |
||
| 505 | _aJ | ||
| 520 | _aA young girl gets quite a surprise when the text of a library book she is reading transforms her surroundings into those of a teeming-with-life coral reef! | ||
| 521 |
_a480
_bLexile estimate |
||
| 521 |
_aJ
_bRaz-Plus |
||
| 650 | 0 |
_aCoral reefs and islands _vJuvenile literature. |
|
| 650 | 1 | _aCoral reefs and islands. | |
| 906 |
_a7 _bcbc _corignew _d2 _eopcn _f19 _gy-gencatlg |
||
| 942 |
_2ddc _cBK _n0 |
||
| 999 |
_c660 _d660 |
||